Statistical learning and data science / (Record no. 196854)
[ view plain ]
| 000 -LEADER | |
|---|---|
| fixed length control field | 00912nam a2200277Ia 4500 |
| 005 - DATE AND TIME OF LATEST TRANSACTION | |
| control field | 20251105103638.0 |
| 008 - FIXED-LENGTH DATA ELEMENTS--GENERAL INFORMATION | |
| fixed length control field | 210716s2017 xx 000 0 und d |
| 020 ## - INTERNATIONAL STANDARD BOOK NUMBER | |
| International Standard Book Number | 9781138044852 |
| 040 ## - CATALOGING SOURCE | |
| Transcribing agency | AIMIT LIBRARY |
| 041 ## - LANGUAGE CODE | |
| Language code of text/sound track or separate title | eng |
| 082 ## - DEWEY DECIMAL CLASSIFICATION NUMBER | |
| Classification number | 005.76 |
| Edition number | 1 |
| Item number | SUMM |
| 245 ## - TITLE STATEMENT | |
| Title | Statistical learning and data science / |
| Statement of responsibility, etc. | Edited by Mireille Gettler Summa...[et.al]. |
| 250 ## - EDITION STATEMENT | |
| Edition statement | 1st ed. |
| 260 ## - PUBLICATION, DISTRIBUTION, ETC. | |
| Place of publication, distribution, etc. | New York : |
| Date of publication, distribution, etc. | CRC Press , |
| Name of publisher, distributor, etc. | 2017. |
| 300 ## - PHYSICAL DESCRIPTION | |
| Extent | xv, 227p. ; |
| Dimensions | 24 cm. |
| Other physical details | PB |
| 650 ## - SUBJECT ADDED ENTRY--TOPICAL TERM | |
| Topical term or geographic name entry element | Statistical and machine learning |
| 9 (RLIN) | 45017 |
| 650 ## - SUBJECT ADDED ENTRY--TOPICAL TERM | |
| Topical term or geographic name entry element | Data science foundations and applications |
| 9 (RLIN) | 45018 |
| 650 ## - SUBJECT ADDED ENTRY--TOPICAL TERM | |
| Topical term or geographic name entry element | Complex data |
| 9 (RLIN) | 45019 |
| 700 ## - ADDED ENTRY--PERSONAL NAME | |
| Personal name | Summa, Mireille Gettler. |
| 9 (RLIN) | 45020 |
| 700 ## - ADDED ENTRY--PERSONAL NAME | |
| Personal name | Bottou, Leon. |
| 9 (RLIN) | 243969 |
| 700 ## - ADDED ENTRY--PERSONAL NAME | |
| Personal name | Goldfarb, Bernard. |
| 9 (RLIN) | 45021 |
| 700 ## - ADDED ENTRY--PERSONAL NAME | |
| Personal name | Murtagh, Fionn. |
| 9 (RLIN) | 45022 |
| 700 ## - ADDED ENTRY--PERSONAL NAME | |
| Personal name | Pardoux, Catherine. |
| 9 (RLIN) | 45023 |
| 700 ## - ADDED ENTRY--PERSONAL NAME | |
| Personal name | Touati, Myriam. |
| 9 (RLIN) | 45024 |
| 942 ## - ADDED ENTRY ELEMENTS (KOHA) | |
| Source of classification or shelving scheme | Dewey Decimal Classification |
| Koha item type | Book |
| Edition | 1st |
| Call number prefix | 005.76 SUMM |
| Withdrawn status | Lost status | Source of classification or shelving scheme | Damaged status | Not for loan | Collection code | Home library | Current library | Source of acquisition | Cost, normal purchase price | Inventory number | Total Checkouts | Full call number | Barcode | Date last seen | Cost, replacement price | Price effective from | Koha item type |
|---|---|---|---|---|---|---|---|---|---|---|---|---|---|---|---|---|---|
| Dewey Decimal Classification | MCA | St Aloysius Institute of Management & Information Technology | St Aloysius Institute of Management & Information Technology | Knowledge World | 2000.00 | Bill no:501; Bill dt:2018-03-05 | 005.76 SUMM | MCA15670 | 05/23/2026 | 1560.00 | 07/16/2021 | Book | |||||
| Dewey Decimal Classification | MCA | St Aloysius Institute of Management & Information Technology | St Aloysius Institute of Management & Information Technology | Knowledge World | 2000.00 | Bill no:603; Bill dt:2019-01-28 | 005.76 SUMM | MCA16369 | 05/23/2026 | 1500.00 | 07/16/2021 | Book |